00792nam a2200217Ia 4500003000900000008004100009040001600050080001500066100002900081245008800110260003900198300001400237490009300251650004100344650001700385650001600402650002800418942000700446999001500453952010600468IN-BaIIA211028s9999 xx 000 0 eng d cIIA Library a535.6bMIN aMinnaert, M. G. J.92930 4aThe nature of light and colour in the open aircTranslation by H. M. Kremer-Priest  aNew YorkbDover Publicationsc1954 axi, 362p. aTranslation of Licht en kleur in het landschap, pt. 1 of De natuurkunde van't vrije veld aAstronomy and astrophysics thesaurus aColour92056 aLight92428 avisible Radiation92931 cBK c1438d1438 00104070aBANbBANcGENd0000-00-00l1m1o535.6/ MINp1519r2025-11-12s2024-05-08w0000-00-00yBK